| 000 | 00696nam a22001937a 4500 | ||
|---|---|---|---|
| 005 | 20180113152334.0 | ||
| 010 | _aUR-10019 | ||
| 020 |
_c300.00 _a- |
||
| 035 | _aU-8574 | ||
| 037 | _bDBAD/PUB | ||
| 100 | _aا طیب ا عجا ز | ||
| 245 |
_aتنہائی کا سا ز _cا طیب ا عجا ز |
||
| 246 |
_bTanhai ka Saaz _aby Atiyab Ayjaz |
||
| 260 |
_aHaiderabad _bAtiyab Publishing House _c2015 |
||
| 270 |
_a9-10-241,Risala Bazar,Qila Golecunda _bHyderabad _e500008 _k9949204759 _l- |
||
| 300 |
_a188 ص _c22 Cm.(B.b) |
||
| 500 | _aدو حصہ | ||
| 942 |
_2ddc _cUR _h841 _mا ط ی |
||
| 999 |
_c149204 _d149204 |
||